000 00663nam a22002177a 4500
999 _c300
_d300
003 AR-CdUCM
008 190222b ||||| |||| 00| 0 spa d
020 _a8482804022
040 _aMUNICIPALIDAD PROVINCIAL DEL CUSCO
_cBIBLIOTECA MUNICIPAL DEL CUSCO
082 _a869.964 /
_bC29
100 _aCarpentier, Alejo
_9216
245 _aEl siglo de las luces /
260 _bLa Oveja Negra,
_c1984.
_aBogotá :
300 _a320 páginas ;
_c18 cm.
440 _aHistoria de la literatura latinoamericana.
_n2
_91236
650 _aNovela siglo XX
_9450
650 _aNovela Cubana
_91237
650 _aNovela historica
_91238
942 _2ddc
_cLIBROS
945 _azta